Family belonging for women in Lesotho / (Record no. 8884)
[ view plain ]
| 000 -LEADER | |
|---|---|
| fixed length control field | 01315cam a2200361 a 4500 |
| 001 - CONTROL NUMBER | |
| control field | 11866327 |
| 003 - CONTROL NUMBER IDENTIFIER | |
| control field | HQ518 FAM 1998 |
| 005 - DATE AND TIME OF LATEST TRANSACTION | |
| control field | 20210526120303.0 |
| 008 - FIXED-LENGTH DATA ELEMENTS--GENERAL INFORMATION | |
| fixed length control field | 990921s1998 lo b i000 0 eng |
| 010 ## - LIBRARY OF CONGRESS CONTROL NUMBER | |
| LC control number | 99892425 |
| 020 ## - INTERNATIONAL STANDARD BOOK NUMBER | |
| International Standard Book Number | 9991161848 |
| 035 ## - SYSTEM CONTROL NUMBER | |
| System control number | (DLC) 99892425 |
| 040 ## - CATALOGING SOURCE | |
| Original cataloging agency | DLC |
| Transcribing agency | DLC |
| Modifying agency | DLC |
| 042 ## - AUTHENTICATION CODE | |
| Authentication code | lcode |
| 043 ## - GEOGRAPHIC AREA CODE | |
| Geographic area code | f-lo--- |
| 050 00 - LIBRARY OF CONGRESS CALL NUMBER | |
| Classification number | HQ1802 |
| Item number | .F35 1998 |
| 082 00 - DEWEY DECIMAL CLASSIFICATION NUMBER | |
| Classification number | 305.42/096885 |
| Edition number | 21 |
| 245 00 - TITLE STATEMENT | |
| Title | Family belonging for women in Lesotho / |
| Statement of responsibility, etc. | research team, Puleng Letuka ... [et al.]. |
| 250 ## - EDITION STATEMENT | |
| Edition statement | 1st ed. |
| 260 ## - PUBLICATION, DISTRIBUTION, ETC. | |
| Place of publication, distribution, etc. | [Maseru] : |
| Name of publisher, distributor, etc. | Women and Law in Southern Africa Research Trust, |
| Date of publication, distribution, etc. | 1998. |
| 300 ## - PHYSICAL DESCRIPTION | |
| Extent | xii, 184 p. ; |
| Dimensions | 21 cm. |
| 500 ## - GENERAL NOTE | |
| General note | Includes bibliographical references (p. 180-184). |
| 504 ## - BIBLIOGRAPHY, ETC. NOTE | |
| Bibliography, etc. note | Includes bibliographical references (p. 180-184). |
| 600 ## - SUBJECT ADDED ENTRY--PERSONAL NAME | |
| Source of heading or term | Family law |
| Geographic subdivision | South Africa |
| 650 #0 - SUBJECT ADDED ENTRY--TOPICAL TERM | |
| Topical term or geographic name entry element | Women |
| Geographic subdivision | Lesotho |
| General subdivision | Social conditions. |
| 650 #0 - SUBJECT ADDED ENTRY--TOPICAL TERM | |
| Topical term or geographic name entry element | Women |
| Geographic subdivision | Lesotho |
| General subdivision | Economic conditions. |
| 650 #0 - SUBJECT ADDED ENTRY--TOPICAL TERM | |
| Topical term or geographic name entry element | Women |
| Geographic subdivision | Legal status, laws, etc. |
| -- | Lesotho. |
| 700 1# - ADDED ENTRY--PERSONAL NAME | |
| Personal name | Letuka, P. |
| 710 2# - ADDED ENTRY--CORPORATE NAME | |
| Corporate name or jurisdiction name as entry element | Women and Law in Southern Africa Trust. |
| 906 ## - LOCAL DATA ELEMENT F, LDF (RLIN) | |
| a | 7 |
| b | cbc |
| c | origode |
| d | 3 |
| e | ncip |
| f | 19 |
| g | y-gencatlg |
| 942 ## - ADDED ENTRY ELEMENTS (KOHA) | |
| Source of classification or shelving scheme | Library of Congress Classification |
| Koha item type | Books |
| Edition | 1st ed |
| Classification part | 518 |
| Item part | FAM |
| Call number prefix | HQ |
| Withdrawn status | Lost status | Damaged status | Not for loan | Collection code | Home library | Current library | Shelving location | Date acquired | Total Checkouts | Full call number | Barcode | Date last seen | Copy number | Price effective from | Koha item type |
|---|---|---|---|---|---|---|---|---|---|---|---|---|---|---|---|
| Non-fiction | Law Library | Law Library | General Stacks | 05/26/2021 | HQ518 FAM 1998 | 004642 | 05/26/2021 | C.1 | 05/26/2021 | Books |